| 000 | 00465cam a2200145 4500500 | ||
|---|---|---|---|
| 005 | 20260405004143.0 | ||
| 041 | _afre | ||
| 042 | _adc | ||
| 100 | 1 | 0 |
_aM’Bondjo, Maud _eauthor |
| 245 | 0 | 0 | _aLe Mana, une force spirituelle et sociale |
| 260 | _c2026. | ||
| 500 | _a54 | ||
| 786 | 0 | _nSciences Humaines | 387 | 3 | 2026-03-25 | p. 82-82 | 0996-6994 | |
| 856 | 4 | 1 | _uhttps://shs.cairn.info/magazine-sciences-humaines-2026-3-page-82?lang=fr&redirect-ssocas=7080 |
| 999 |
_c2074214 _d2074214 |
||